000 00692nam a22002297a 4500
005 20250708155956.0
008 250708b |||||||| |||| 00| 0 eng d
020 _a978-93-83888-19-1 (pbk)
037 _cTB
040 _aCRL
_cCRL
041 _2eng
_aeng
084 _aO111,1N73x Q4
_qCRL
100 _aSahu, Nandini
_925499
245 _aSita:
_bA poem
260 _aGurgaon, India:
_bThe poetry Society of India,
_c2014.
300 _axii, 129p.
365 _b220.00
_cINR
650 _aEnglish Literature
650 _aEnglish Poetry
942 _2CC
_cTB
_hO111,1N73x Q4
_n0
999 _c1433511
_d1433511